English project 2 : student's book /

Guardado en:
Autor Principal: Hutchinson, Tom
Formato: Libro
Publicado: Estados Unidos de América : Oxford University, 1992
Materias:
Etiquetas: Agregar Etiqueta
Sin Etiquetas, Sea el primero en etiquetar este registro!
LEADER 00533nam a22001815a 4500
001 CEM.cems010779
005 20080331101909.0
008 130507s1992##################000#0#####d
003 CEMS
020 |a 0194354350 
082 0 4 |a 428.64 
100 1 |a Hutchinson, Tom 
245 1 0 |a English project 2 :  |b student's book /  |c  Tom Hutchinson 
260 |a Estados Unidos de América :  |b Oxford University,  |c 1992 
300 |a 112 p. 
653 |a Inglés 
653 |a Inglés-textos 
859 |a CEMS  |b BIB. CEMS - 11 de abril  |h 428.64  |i H974-15  |p 21424.01  |t Ej.1